Loading...
| Fine Arts - Auditory Fine Arts | 6 | 20.00 | 100% | 83% | 17% |
| Fine Arts - Other Fine Arts | 5 | 20.00 | 100% | 60% | 40% |
| Fine Arts - Visual Fine Arts | 4 | 20.00 | 100% | 75% | 25% |
| Geography | 1 | 10.00 | 100% | 0% | 0% |
| History - American History | 5 | 18.00 | 100% | 60% | 20% |
| History - European History | 4 | 17.50 | 100% | 75% | 0% |
| History - Other History | 4 | 15.00 | 100% | 25% | 25% |
| History - World History | 5 | 22.00 | 100% | 80% | 40% |
| Literature - American Literature | 5 | 20.00 | 100% | 100% | 0% |
| Literature - British Literature | 4 | 22.50 | 100% | 100% | 25% |
| Literature - European Literature | 5 | 18.00 | 100% | 80% | 0% |
| Literature - World Literature | 6 | 21.67 | 100% | 67% | 50% |
| Mythology | 5 | 18.00 | 100% | 60% | 20% |
| Philosophy | 4 | 20.00 | 100% | 100% | 0% |
| Pop Culture | 1 | 10.00 | 100% | 0% | 0% |
| Religion | 6 | 15.00 | 100% | 50% | 0% |
| Science - Biology | 6 | 10.00 | 83% | 17% | 0% |
| Science - Chemistry | 6 | 10.00 | 67% | 33% | 0% |
| Science - Other Science | 6 | 13.33 | 100% | 33% | 0% |
| Science - Physics | 6 | 13.33 | 100% | 33% | 0% |
| Social Science | 3 | 13.33 | 100% | 33% | 0% |